| 000 | 00637nam a2200241 i 4500 | ||
|---|---|---|---|
| 001 | bg | ||
| 100 | 1 |
_aSienkiewicz, Piotr _d(1945-). |
|
| 245 | 1 | 0 |
_aSystemy kierowania / _cPiotr Sienkiewicz. |
| 260 |
_aWarszawa : _b"Wiedza Powszechna", _c1989. |
||
| 300 |
_a306, [2] s. : _bil. ; _c19 cm. |
||
| 490 | 1 | _aOmega - Biblioteka Wiedzy Współczesnej. | |
| 650 | 4 |
_aZarządzanie _xteoria. |
|
| 650 | 4 |
_aOrganizacja _xteoria. |
|
| 830 | 0 | _aOmega | |
| 020 | _a8321406912 | ||
| 040 | _cBPK | ||
| 041 | 0 | _apol | |
| 044 | _aPOL | ||
| 080 | _a005 | ||
| 920 | _a83-214-0691-2 | ||
| 942 | _cKS | ||
| 008 | 100831s1989 pl a |000 0 pol | ||
| 999 |
_c49654 _d49654 |
||
| 856 |
_uhttp://koha.tu.koszalin.pl/cgi-bin/koha/opac-detail.pl?biblionumber=49654 _yKatalog online BPK |
||